[Event "BPB Limburg open B"]
[Site "Maastricht"]
[Date "2015.05.25"]
[Round "7"]
[White "Kaufung, Christian"]
[Black "Kastelein, Gerard"]
[Result "0-1"]
[WhiteElo "1822"]
[BlackElo "1816"]
[PlyCount "84"]
[EventDate "2015.05.22"]
[EventType "swiss"]
[EventRounds "7"]
[EventCountry "NED"]
[Source "P.Boonen"]
[SourceDate "2015.10.01"]

1. d4 Nc6 2. Bf4 d5 3. Nf3 Bg4 4. e3 e6 5. c3 Bd6 6. Bg3 Nge7 7. Bd3 f5 8. Nbd2
O-O 9. Qb3 a5 10. a4 Rb8 11. c4 Bb4 12. Ng5 Rf6 13. cxd5 exd5 14. Qc2 h6 15.
Ngf3 Bxf3 16. gxf3 f4 17. Bxf4 Rxf4 18. exf4 Nxd4 19. Bh7+ Kh8 20. Qd3 c5 21.
O-O Bxd2 22. Kh1 Bxf4 23. Rg1 Qd6 24. Rae1 Rf8 25. Rg2 Nxf3 26. Qxf3 Kxh7 27.
Qg4 Nf5 28. Reg1 g5 29. h4 Nxh4 30. Re1 Nxg2 31. Re6 Qc7 32. Qxg2 Qf7 33. Qxd5
Kg7 34. Qe4 Qh5+ 35. Kg2 Rf7 36. Qc4 Qg4+ 37. Kf1 Qd1+ 38. Kg2 Qd4 39. Qe2 Bd6
40. f3 Qf4 41. Re3 Qh2+ 42. Kf1 Qh1+ 0-1

[Event "BPB Limburg open B"]
[Site "Maastricht"]
[Date "2015.05.25"]
[Round "7"]
[White "Kronseder, Michael"]
[Black "Beranek, Tomas"]
[Result "1-0"]
[WhiteElo "1809"]
[BlackElo "1803"]
[PlyCount "53"]
[EventDate "2015.05.22"]
[EventType "swiss"]
[EventRounds "7"]
[EventCountry "NED"]
[Source "P.Boonen"]
[SourceDate "2015.10.01"]

1. e4 c6 2. Nf3 d5 3. Nc3 dxe4 4. Nxe4 Nd7 5. d4 Ngf6 6. Ng3 Nb6 7. Bd3 Bg4 8.
c3 e6 9. h3 Bxf3 10. Qxf3 Qc7 11. O-O Be7 12. c4 O-O 13. Bf4 Qd7 14. Rad1 Rfd8
15. Rfe1 g6 16. Be5 Ne8 17. Re4 Bd6 18. Rh4 Nxc4 19. Rxh7 Bxe5 20. Bxg6 fxg6
21. Rxd7 Rxd7 22. dxe5 Rxd1+ 23. Qxd1 Nb6 24. Qg4 Kf7 25. Ne4 Ng7 26. Qf4+ Ke8
27. Nd6+ 1-0

[Event "BPB Limburg open B"]
[Site "Maastricht"]
[Date "2015.05.25"]
[Round "7"]
[White "Kuijpers, Domien"]
[Black "Valenta, Richard"]
[Result "1/2-1/2"]
[WhiteElo "1830"]
[BlackElo "1810"]
[PlyCount "75"]
[EventDate "2015.05.22"]
[EventType "swiss"]
[EventRounds "7"]
[EventCountry "NED"]
[Source "P.Boonen"]
[SourceDate "2015.10.01"]

1. e4 c5 2. Nf3 g6 3. c3 d6 4. d4 Nd7 5. Be3 b6 6. Bd3 Bg7 7. Nbd2 Ngf6 8. O-O
O-O 9. Re1 Bb7 10. Rc1 Qc8 11. Bg5 h6 12. Bh4 g5 13. Bg3 Nh5 14. Nf1 Nxg3 15.
hxg3 Ba6 16. Bb1 Qc7 17. Ne3 e6 18. Nd2 Rac8 19. Nb3 Rfd8 20. Qh5 Nf6 21. Qh3
Qe7 22. e5 dxe5 23. dxe5 Nd5 24. Ng4 Qf8 25. Rcd1 Ne7 26. Nd2 Bd3 27. Bxd3 Rxd3
28. Ne4 Rcd8 29. Rxd3 Rxd3 30. Ngf6+ Bxf6 31. Nxf6+ Kg7 32. Qg4 Ng6 33. Qe4 Qd8
34. Kh2 Rd1 35. Nh5+ Kh7 36. Nf6+ Kg7 37. Nh5+ Kh7 38. Nf6+ 1/2-1/2

[Event "BPB Limburg open B"]
[Site "Maastricht"]
[Date "2015.05.25"]
[Round "7"]
[White "Larkin, Vladislav"]
[Black "Bulthuis, Jelle"]
[Result "1/2-1/2"]
[WhiteElo "1863"]
[BlackElo "1852"]
[PlyCount "30"]
[EventDate "2015.05.22"]
[EventType "swiss"]
[EventRounds "7"]
[EventCountry "NED"]
[Source "P.Boonen"]
[SourceDate "2015.10.01"]

1. d4 Nf6 2. Nf3 g6 3. g3 Bg7 4. Bg2 O-O 5. O-O d5 6. b3 c6 7. Bb2 Nbd7 8. c4
Ne4 9. Nc3 Ndf6 10. Nd2 Nxc3 11. Bxc3 b6 12. e4 e6 13. e5 Nd7 14. f4 Bb7 15.
cxd5 cxd5 1/2-1/2

[Event "BPB Limburg open B"]
[Site "Maastricht"]
[Date "2015.05.25"]
[Round "7"]
[White "Mestrom, Wolf"]
[Black "Londers, Jan"]
[Result "1-0"]
[WhiteElo "1834"]
[BlackElo "1835"]
[PlyCount "67"]
[EventDate "2015.05.22"]
[EventType "swiss"]
[EventRounds "7"]
[EventCountry "NED"]
[Source "P.Boonen"]
[SourceDate "2015.10.01"]

1. d4 Nf6 2. c4 e6 3. Nf3 d5 4. g3 Be7 5. Bg2 O-O 6. O-O dxc4 7. Nbd2 a6 8.
Nxc4 b5 9. Nfe5 Nd5 10. Na5 Bf6 11. e4 Ne7 12. Nb3 Bxe5 13. dxe5 Nec6 14. f4
Nd7 15. Be3 Qe7 16. Qh5 Bb7 17. g4 f6 18. exf6 Nxf6 19. Qh3 Rfd8 20. g5 Nd7 21.
Rac1 e5 22. f5 Nd4 23. Rxc7 Rab8 24. f6 Qf7 25. Nc5 Bc8 26. g6 hxg6 27. fxg7
Qxg7 28. Qh4 Re8 29. Bh3 Ne2+ 30. Kh1 Nf4 31. Bxf4 exf4 32. Nxd7 g5 33. Rg1
gxh4 34. Nf6+ 1-0

[Event "BPB Limburg open B"]
[Site "Maastricht"]
[Date "2015.05.25"]
[Round "7"]
[White "Mienis, Dennis"]
[Black "Valstar, Jasper"]
[Result "0-1"]
[WhiteElo "1880"]
[BlackElo "1912"]
[PlyCount "74"]
[EventDate "2015.05.22"]
[EventType "swiss"]
[EventRounds "7"]
[EventCountry "NED"]
[Source "P.Boonen"]
[SourceDate "2015.10.01"]

1. c4 Nf6 2. Nc3 d5 3. d4 g6 4. Nf3 Bg7 5. Qb3 dxc4 6. Qxc4 O-O 7. e4 c6 8. Be2
Qa5 9. O-O Be6 10. Qd3 Rd8 11. Qc2 Bg4 12. Be3 Bxf3 13. Bxf3 Na6 14. Rfd1 e5
15. dxe5 Rxd1+ 16. Rxd1 Qxe5 17. Qb3 Qe7 18. g3 Ne8 19. Be2 b5 20. Bg4 Nf6 21.
Bf3 Rc8 22. Bg2 Nb8 23. f3 a5 24. Qc2 Nbd7 25. Bh3 Re8 26. Qd2 Ne5 27. Qf2 Rd8
28. Rxd8+ Qxd8 29. Bf1 a4 30. Kg2 Qd7 31. Qd2 Qe7 32. a3 Ne8 33. h3 Qe6 34. Qc2
Nc4 35. Bf2 Ned6 36. Bc5 Bf8 37. Bxd6 Ne3+ 0-1

[Event "BPB Limburg open B"]
[Site "Maastricht"]
[Date "2015.05.25"]
[Round "7"]
[White "Moog, Gerhard"]
[Black "Keetman, Sandra"]
[Result "1-0"]
[WhiteElo "1869"]
[BlackElo "1710"]
[PlyCount "27"]
[EventDate "2015.05.22"]
[EventType "swiss"]
[EventRounds "7"]
[EventCountry "NED"]
[Source "P.Boonen"]
[SourceDate "2015.10.01"]

1. e4 c6 2. d4 d5 3. exd5 cxd5 4. Nf3 Nc6 5. Bd3 Bg4 6. c3 Nf6 7. h3 Bxf3 8.
Qxf3 e6 9. O-O Be7 10. Re1 Qb6 11. b3 Nxd4 12. cxd4 Qxd4 13. Nc3 Qxc3 14. Bb5+
1-0

[Event "BPB Limburg open B"]
[Site "Maastricht"]
[Date "2015.05.25"]
[Round "7"]
[White "Mossin, Ivar Alexander"]
[Black "Heijenrath, Jan"]
[Result "0-1"]
[WhiteElo "1757"]
[BlackElo "1740"]
[PlyCount "78"]
[EventDate "2015.05.22"]
[EventType "swiss"]
[EventRounds "7"]
[EventCountry "NED"]
[Source "P.Boonen"]
[SourceDate "2015.10.01"]

1. e4 c5 2. Nf3 d6 3. d4 cxd4 4. Nxd4 Nf6 5. Nc3 a6 6. Bg5 e6 7. f4 Be7 8. Qf3
h6 9. Bxf6 Bxf6 10. O-O-O Qc7 11. g4 Nc6 12. Nce2 Bd7 13. f5 Ne5 14. Qg3 Nc4
15. Nc3 Be5 16. Qd3 Rc8 17. Kb1 b5 18. Nf3 Nxb2 19. Kxb2 Bxc3+ 20. Kb1 Bf6 21.
Rd2 Qc3 22. Qxc3 Rxc3 23. Nd4 Ke7 24. Be2 Rhc8 25. Nf3 Bc6 26. Bd3 Kf8 27. Rhd1
d5 28. e5 Bd8 29. Nd4 Bd7 30. Rf1 Kg8 31. Rg2 Bb6 32. Nb3 a5 33. h4 a4 34. Nd2
Be3 35. Rf3 Bd4 36. Re2 b4 37. h5 Bb5 38. Bxb5 Rxc2 39. Bxa4 Rc1# 0-1

[Event "BPB Limburg open B"]
[Site "Maastricht"]
[Date "2015.05.25"]
[Round "7"]
[White "Oostvogels, Niek"]
[Black "Mestrom, Ton"]
[Result "0-1"]
[WhiteElo "1888"]
[BlackElo "1729"]
[PlyCount "78"]
[EventDate "2015.05.22"]
[EventType "swiss"]
[EventRounds "7"]
[EventCountry "NED"]
[Source "P.Boonen"]
[SourceDate "2015.10.01"]

1. e4 c5 2. d4 cxd4 3. c3 d3 4. Bxd3 g6 5. Nf3 Bg7 6. O-O d6 7. Bf4 e5 8. Be3
Nf6 9. h3 O-O 10. c4 Nc6 11. Nc3 Nh5 12. Nd5 Be6 13. g4 Nf4 14. Nxf4 exf4 15.
Bxf4 f5 16. exf5 gxf5 17. Ng5 Nd4 18. Be3 f4 19. Bxd4 Qxg5 20. Bxg7 Qxg7 21. b3
f3 22. Kh2 h5 23. Rg1 hxg4 24. Rg3 Kf7 25. hxg4 Bxg4 26. Rxf3+ Bxf3 27. Qxf3+
Ke8 28. Qh5+ Kd8 29. Qh4+ Kc7 30. Rg1 Rxf2+ 31. Kh1 Qh8 32. Qh7+ Qxh7+ 33. Bxh7
Rxa2 34. Rg7+ Kb6 35. Be4 Re8 36. Bg2 Re1+ 37. Kh2 Ree2 38. Rxb7+ Kc5 39. Rg7
Rxg2+ 0-1

[Event "BPB Limburg open B"]
[Site "Maastricht"]
[Date "2015.05.25"]
[Round "7"]
[White "Ouwersloot, Hans"]
[Black "De Boer, Robert"]
[Result "1/2-1/2"]
[WhiteElo "1983"]
[BlackElo "1938"]
[PlyCount "34"]
[EventDate "2015.05.22"]
[EventType "swiss"]
[EventRounds "7"]
[EventCountry "NED"]
[Source "P.Boonen"]
[SourceDate "2015.10.01"]

1. e4 e6 2. d4 d5 3. Nd2 Nc6 4. c3 e5 5. exd5 Qxd5 6. Ngf3 exd4 7. Bc4 Qh5 8.
O-O Be6 9. Bxe6 fxe6 10. cxd4 O-O-O 11. Ne4 Nf6 12. Nxf6 gxf6 13. Qb3 Rd5 14.
Bf4 Qg4 15. Bg3 Rg8 16. Rac1 Bd6 17. Rfe1 Bxg3 1/2-1/2

[Event "BPB Limburg open B"]
[Site "Maastricht"]
[Date "2015.05.25"]
[Round "7"]
[White "Perdomo Araujo, Angel Eduardo"]
[Black "Saizew, Valeri"]
[Result "1-0"]
[WhiteElo "1979"]
[BlackElo "1957"]
[PlyCount "67"]
[EventDate "2015.05.22"]
[EventType "swiss"]
[EventRounds "7"]
[EventCountry "NED"]
[Source "P.Boonen"]
[SourceDate "2015.10.01"]

1. a3 e5 2. e3 d5 3. d4 exd4 4. exd4 Nf6 5. Bd3 Bd6 6. Bg5 O-O 7. Ne2 Bg4 8. f3
Bh5 9. Qd2 Bg6 10. Nbc3 Bxd3 11. Qxd3 c6 12. g4 Nbd7 13. O-O-O b5 14. Ng3 b4
15. axb4 a5 16. b5 Qb6 17. Nf5 Bb4 18. bxc6 Qxc6 19. Qb5 Qc7 20. Nxd5 Nxd5 21.
Qxd5 Rfc8 22. Qe4 Ra6 23. Qd3 Rc6 24. Kb1 Rxc2 25. Be7 Nb6 26. Bc5 Rxb2+ 27.
Kxb2 Bxc5 28. dxc5 Na4+ 29. Ka1 Nxc5 30. Qc3 f6 31. Qc4+ Kh8 32. Ka2 Qe5 33.
Rd5 Qe6 34. Rc1 1-0

[Event "BPB Limburg open B"]
[Site "Maastricht"]
[Date "2015.05.25"]
[Round "7"]
[White "Persoons, Bart"]
[Black "Peeters, Joep"]
[Result "1/2-1/2"]
[WhiteElo "1759"]
[BlackElo "1782"]
[PlyCount "66"]
[EventDate "2015.05.22"]
[EventType "swiss"]
[EventRounds "7"]
[EventCountry "NED"]
[Source "P.Boonen"]
[SourceDate "2015.10.01"]

1. d4 d6 2. c4 Nf6 3. Nc3 g6 4. e4 Bg7 5. f4 c5 6. d5 O-O 7. Nf3 e5 8. fxe5
dxe5 9. Be2 Ne8 10. O-O Nd6 11. Be3 Na6 12. Qd2 f6 13. b3 Bd7 14. Ne1 Rb8 15.
Nd3 Qc8 16. a4 b6 17. Rf3 f5 18. Bh6 Qe8 19. Bxg7 Kxg7 20. Nf2 f4 21. Nb5 Nc8
22. Qb2 Nb4 23. Nh3 Kh6 24. Nf2 a6 25. Na3 Nd6 26. Nc2 Nxc2 27. Qxc2 a5 28. Rc3
g5 29. Bg4 Kg6 30. h3 h5 31. Bxd7 Qxd7 32. Qe2 Rf7 33. g4 h4 1/2-1/2

[Event "BPB Limburg open B"]
[Site "Maastricht"]
[Date "2015.05.25"]
[Round "7"]
[White "Ploumen, Ralf"]
[Black "Smet, Louis"]
[Result "1/2-1/2"]
[WhiteElo "1673"]
[BlackElo "1750"]
[PlyCount "62"]
[EventDate "2015.05.22"]
[EventType "swiss"]
[EventRounds "7"]
[EventCountry "NED"]
[Source "P.Boonen"]
[SourceDate "2015.10.01"]

1. c4 c6 2. Nc3 Nf6 3. e4 d5 4. e5 Ne4 5. Nxe4 dxe4 6. d4 exd3 7. Qxd3 Qc7 8.
Nf3 Be6 9. Bf4 Nd7 10. Be2 g6 11. O-O Bg7 12. Nd4 Nc5 13. Nxe6 Nxe6 14. Bg3
Bxe5 15. Bxe5 Qxe5 16. Bg4 Nc5 17. Qc2 Rd8 18. Rfe1 Qg5 19. h3 O-O 20. Rad1 e6
21. Qc3 Qf4 22. Bf3 Rd7 23. b4 Rxd1 24. Rxd1 Ne4 25. Qd4 f5 26. Bxe4 fxe4 27.
Re1 e5 28. Qe3 Qf7 29. Rc1 Qf4 30. Re1 Qf7 31. Rc1 Qf4 1/2-1/2

[Event "BPB Limburg open B"]
[Site "Maastricht"]
[Date "2015.05.25"]
[Round "7"]
[White "Porteman, Eric"]
[Black "Reichardt, Robin"]
[Result "0-1"]
[WhiteElo "1923"]
[BlackElo "1707"]
[PlyCount "150"]
[EventDate "2015.05.22"]
[EventType "swiss"]
[EventRounds "7"]
[EventCountry "NED"]
[Source "P.Boonen"]
[SourceDate "2015.10.01"]

1. c4 Nf6 2. Nc3 e6 3. e4 d6 4. d4 Be7 5. Nf3 c5 6. dxc5 dxc5 7. Qc2 Nc6 8. e5
Nd7 9. Bf4 b6 10. O-O-O Bb7 11. a3 a6 12. Bd3 h6 13. Ne4 O-O 14. Qd2 f5 15.
exf6 Nxf6 16. Nxf6+ Bxf6 17. Bxh6 gxh6 18. Qxh6 Qe7 19. h4 Qg7 20. Qxg7+ Bxg7
21. Ng5 Nd4 22. f3 Bh6 23. Rde1 Kg7 24. Kb1 Bxg5 25. hxg5 Rh8 26. Rhg1 Bxf3 27.
gxf3 Nxf3 28. Be4 Nxg1 29. Bxa8 Rxa8 30. Rxg1 Rd8 31. Re1 Rd6 32. Re5 Kg6 33.
Kc2 Kf7 34. b4 cxb4 35. axb4 Rd4 36. Kc3 Rg4 37. c5 b5 38. Kb3 Rg3+ 39. Kc2 Rg4
40. Kc3 Rg3+ 41. Kd4 Rg4+ 42. Re4 Rxg5 43. c6 Rd5+ 44. Ke3 Rd8 45. Rh4 Ke7 46.
Rh7+ Kd6 47. Ra7 Rc8 48. Rxa6 Rxc6 49. Ra5 Rb6 50. Kd4 e5+ 51. Ke4 Ke6 52. Ra8
Rc6 53. Re8+ Kd6 54. Kf5 Rc4 55. Re6+ Kc7 56. Kxe5 Rxb4 57. Kd5 Rc4 58. Ra6 Rc1
59. Kd4 Kb7 60. Ra5 Kb6 61. Ra8 b4 62. Kd3 Kb5 63. Kd2 Rc7 64. Kd3 b3 65. Ra1
Kb4 66. Kd2 b2 67. Rh1 Kb3 68. Rh8 b1=Q 69. Rb8+ Ka2 70. Ra8+ Kb2 71. Rb8+ Ka1
72. Rxb1+ Kxb1 73. Kd3 Kb2 74. Kd2 Rd7+ 75. Ke3 Kc3 0-1

[Event "BPB Limburg open B"]
[Site "Maastricht"]
[Date "2015.05.25"]
[Round "7"]
[White "Ramaekers, Philippe1"]
[Black "Cillen, Jeroen"]
[Result "0-1"]
[WhiteElo "1883"]
[BlackElo "1882"]
[PlyCount "62"]
[EventDate "2015.05.22"]
[EventType "swiss"]
[EventRounds "7"]
[EventCountry "NED"]
[Source "P.Boonen"]
[SourceDate "2015.10.01"]

1. e4 c5 2. Nf3 d6 3. d4 cxd4 4. Nxd4 Nf6 5. Nc3 g6 6. f4 Nc6 7. Be2 Bg7 8. Be3
O-O 9. Nb3 Na5 10. O-O Be6 11. Bd4 Bc4 12. Bd3 Rc8 13. Qd2 Bxd3 14. cxd3 Nxb3
15. axb3 a6 16. h3 e6 17. Qf2 Ne8 18. Bxg7 Nxg7 19. d4 f5 20. e5 d5 21. Na4 b6
22. Qe2 Nh5 23. Rf3 Rc6 24. Qxa6 Qh4 25. Raf1 Rfc8 26. Nc3 Ng3 27. Rc1 g5 28.
fxg5 Qxd4+ 29. Kh2 Ne4 30. Kh1 Qxe5 31. Qa3 d4 0-1

[Event "BPB Limburg open B"]
[Site "Maastricht"]
[Date "2015.05.25"]
[Round "7"]
[White "Reichardt, Gert"]
[Black "Tangelder, Yonne"]
[Result "1-0"]
[WhiteElo "2007"]
[BlackElo "1887"]
[PlyCount "123"]
[EventDate "2015.05.22"]
[EventType "swiss"]
[EventRounds "7"]
[EventCountry "NED"]
[Source "P.Boonen"]
[SourceDate "2015.10.01"]

1. d4 f5 2. Nf3 Nf6 3. Bf4 g6 4. e3 Bg7 5. Bc4 e6 6. h3 d6 7. Nbd2 Nc6 8. c3 h6
9. Qc2 Qe7 10. Bb5 Bd7 11. O-O-O a6 12. Be2 e5 13. dxe5 dxe5 14. Bh2 O-O-O 15.
Nc4 Ne4 16. Rhf1 Qc5 17. Nfd2 Nxd2 18. Nxd2 Be6 19. Nb3 Qb6 20. Kb1 Na5 21. Nc1
e4 22. g4 Nc4 23. Bxc4 Bxc4 24. Rg1 Rxd1 25. Rxd1 Rd8 26. Rxd8+ Kxd8 27. Qd1+
Kc8 28. Kc2 Qa5 29. gxf5 Qxf5 30. Qg4 Qxg4 31. hxg4 Be6 32. g5 hxg5 33. Nb3 Bf8
34. a3 Kd7 35. Nd4 Bd5 36. Be5 Be7 37. Bg3 b5 38. Nb3 Bxb3+ 39. Kxb3 c5 40. c4
Bd6 41. cxb5 axb5 42. a4 bxa4+ 43. Kxa4 Bxg3 44. fxg3 Kc6 45. g4 Kd6 46. Kb3
Kd5 47. Kc3 Kd6 48. Kc4 Kc6 49. b4 cxb4 50. Kxb4 Kb6 51. Kc4 Kc6 52. Kd4 Kd6
53. Kxe4 Ke6 54. Kd4 Kd6 55. e4 Ke6 56. e5 Ke7 57. Kd5 Kd7 58. e6+ Ke7 59. Ke5
Ke8 60. Kf6 Kf8 61. Kxg6 Ke7 62. Kf5 1-0

[Event "BPB Limburg open B"]
[Site "Maastricht"]
[Date "2015.05.25"]
[Round "7"]
[White "Schilperoort, Jeroen"]
[Black "Erikstad, Olav"]
[Result "0-1"]
[WhiteElo "1940"]
[BlackElo "1853"]
[PlyCount "34"]
[EventDate "2015.05.22"]
[EventType "swiss"]
[EventRounds "7"]
[EventCountry "NED"]
[Source "P.Boonen"]
[SourceDate "2015.10.01"]

1. Nc3 d5 2. e4 dxe4 3. Nxe4 Nf6 4. Nxf6+ exf6 5. d4 Bf5 6. c3 Nc6 7. Bf4 Bd6
8. Bxd6 Qxd6 9. Bd3 Bxd3 10. Qxd3 O-O 11. Ne2 Rfe8 12. Kd2 Rad8 13. Qg3 Qd5 14.
Nf4 Qb5 15. Nd3 Nxd4 16. cxd4 Rxd4 17. Kc3 Qc4+ 0-1

[Event "BPB Limburg open B"]
[Site "Maastricht"]
[Date "2015.05.25"]
[Round "7"]
[White "Schleipfenbauer, Bent"]
[Black "Heuts, John"]
[Result "0-1"]
[WhiteElo "2030"]
[BlackElo "1880"]
[PlyCount "40"]
[EventDate "2015.05.22"]
[EventType "swiss"]
[EventRounds "7"]
[EventCountry "NED"]
[Source "P.Boonen"]
[SourceDate "2015.10.01"]

1. c4 e5 2. Nc3 Nc6 3. g3 Bc5 4. Bg2 Nf6 5. d3 d6 6. Nf3 O-O 7. O-O Be6 8. a3
a6 9. Bg5 h6 10. Bh4 Ne7 11. Bxf6 gxf6 12. Ne4 Ng6 13. Nxc5 dxc5 14. Qc1 Kh7
15. Qc3 Rg8 16. Kh1 Qd7 17. Nd2 Bh3 18. Ne4 Bxg2+ 19. Kxg2 Nf4+ 20. Kf3 Qg4+
0-1

[Event "BPB Limburg open B"]
[Site "Maastricht"]
[Date "2015.05.25"]
[Round "7"]
[White "Sofic, Narcis"]
[Black "Broekhuis, Jan"]
[Result "1-0"]
[WhiteElo "1941"]
[BlackElo "1865"]
[PlyCount "115"]
[EventDate "2015.05.22"]
[EventType "swiss"]
[EventRounds "7"]
[EventCountry "NED"]
[Source "P.Boonen"]
[SourceDate "2015.10.01"]

1. g3 Nf6 2. Bg2 d6 3. d4 Nbd7 4. Nf3 e6 5. O-O Be7 6. c4 O-O 7. Nc3 c6 8. b3
Qc7 9. Bb2 b6 10. Rc1 Bb7 11. e4 e5 12. d5 c5 13. Nh4 g6 14. Rc2 Ne8 15. Bc1
Bxh4 16. gxh4 Ng7 17. f4 exf4 18. Bxf4 Ne5 19. Bxe5 dxe5 20. Qe1 Rad8 21. Bf3
h5 22. Qe3 Bc8 23. Qg5 Kh7 24. Kh1 Rde8 25. Rg1 Qe7 26. Qg3 Bd7 27. Rd2 Qd6 28.
Rdg2 a6 29. a4 Rb8 30. Qg5 b5 31. axb5 axb5 32. Ne2 bxc4 33. bxc4 Rb3 34. Rf2
Bc8 35. Ng3 Qd8 36. Qxe5 Qxh4 37. Qd6 Re8 38. Bd1 Rb7 39. Qxc5 Bg4 40. Qd6 Bxd1
41. Rxd1 Qg4 42. Rdf1 h4 43. Rf4 Qh3 44. Qf6 Qc8 45. Rxh4+ Kg8 46. Rc1 Qc5 47.
Rf4 Qe3 48. Rcf1 Qd2 49. c5 Ra8 50. c6 Rba7 51. R4f2 Qd3 52. Qf3 Qd4 53. Rd1
Ra1 54. Qxf7+ Kh7 55. Rxa1 Rxa1+ 56. Kg2 Qb6 57. Qf8 Qe3 58. c7 1-0

[Event "BPB Limburg open B"]
[Site "Maastricht"]
[Date "2015.05.25"]
[Round "7"]
[White "Staudte, Rainer"]
[Black "Decruyenaere, Robbert"]
[Result "1-0"]
[WhiteElo "1871"]
[BlackElo "1697"]
[PlyCount "135"]
[EventDate "2015.05.22"]
[EventType "swiss"]
[EventRounds "7"]
[EventCountry "NED"]
[Source "P.Boonen"]
[SourceDate "2015.10.01"]

1. d4 Nf6 2. c4 g6 3. Nc3 Bg7 4. e4 d6 5. f3 O-O 6. Be3 e5 7. Qd2 exd4 8. Bxd4
Nc6 9. Be3 Re8 10. O-O-O Be6 11. Nd5 Ne5 12. Bg5 Bxd5 13. cxd5 Qd7 14. Kb1 Rac8
15. Bd3 a6 16. Ne2 c5 17. dxc6 Rxc6 18. Rc1 Rec8 19. Rxc6 Rxc6 20. Rd1 Rb6 21.
Nc3 Rc6 22. Be2 Qe6 23. Nd5 Ned7 24. Ka1 Nc5 25. Nxf6+ Bxf6 26. Bxf6 Qxf6 27.
Kb1 Rb6 28. Rc1 a5 29. Bc4 a4 30. Qc3 Qxc3 31. Rxc3 Kg7 32. Kc2 g5 33. a3 f6
34. b4 axb3+ 35. Bxb3 Nxb3 36. Rxb3 Rc6+ 37. Kd3 b6 38. Kd4 Rc2 39. g4 Rxh2 40.
Kd5 Rd2+ 41. Kc6 Kf7 42. Kxb6 Ra2 43. Kb5 Ke6 44. a4 Kd7 45. Rc3 Rb2+ 46. Ka6
Rb8 47. a5 Rb1 48. Ka7 h6 49. a6 Rb2 50. Ka8 Rb1 51. a7 Rb2 52. Rd3 Rb5 53. Rd1
Rb3 54. Rd5 Ke6 55. Rf5 Ke7 56. f4 Rb4 57. e5 gxf4 58. exd6+ Kxd6 59. Rxf6+ Ke7
60. Rxh6 f3 61. g5 Rb2 62. Rf6 f2 63. Rf3 Rd2 64. g6 Rd8+ 65. Kb7 Rd7+ 66. Kb6
Rd6+ 67. Kc5 Ra6 68. Rxf2 1-0

[Event "BPB Limburg open B"]
[Site "Maastricht"]
[Date "2015.05.25"]
[Round "7"]
[White "Tamminga, Meile"]
[Black "Kuehn, Patrick1"]
[Result "1/2-1/2"]
[WhiteElo "1825"]
[BlackElo "2039"]
[PlyCount "109"]
[EventDate "2015.05.22"]
[EventType "swiss"]
[EventRounds "7"]
[EventCountry "NED"]
[Source "P.Boonen"]
[SourceDate "2015.10.01"]

1. e4 c5 2. Nf3 d6 3. d4 cxd4 4. Nxd4 Nf6 5. Nc3 g6 6. Be2 Bg7 7. O-O Nc6 8.
Kh1 O-O 9. f4 Nxd4 10. Qxd4 Be6 11. Qg1 Qc8 12. Rd1 Rd8 13. Be3 a6 14. Bb6 Re8
15. Bf3 Bg4 16. Rd2 Bxf3 17. gxf3 Nh5 18. Nd5 Qh3 19. Qg4 Nxf4 20. Nxf4 Qxg4
21. fxg4 Bxb2 22. Rb1 Be5 23. Nd5 Rac8 24. Nc7 Rf8 25. Rb3 e6 26. c4 d5 27.
Nxd5 exd5 28. cxd5 Bd6 29. Bd4 Rfe8 30. Re2 Rc4 31. Rd3 Be5 32. Bxe5 Rxe5 33.
d6 Rc8 34. d7 Rd8 35. Rc2 Kf8 36. Rd4 Ke7 37. Rc7 b5 38. Kg2 Re6 39. Kf3 Rd6
40. Rxd6 Kxd6 41. Ra7 Rxd7 42. Rxa6+ Ke5 43. Ra8 Rd3+ 44. Ke2 Rh3 45. Re8+ Kd6
46. Rb8 Ke5 47. Re8+ Kf4 48. Re7 Re3+ 49. Kd2 Rxe4 50. Rxf7+ Kxg4 51. Rxh7 Ra4
52. Ke3 Rxa2 53. h3+ Kg5 54. Rb7 Rb2 55. Kd4 {.....} 1/2-1/2

[Event "BPB Limburg open B"]
[Site "Maastricht"]
[Date "2015.05.25"]
[Round "7"]
[White "Toll, Maarten"]
[Black "Reichardt, Monica"]
[Result "1-0"]
[WhiteElo "1886"]
[BlackElo "1860"]
[PlyCount "137"]
[EventDate "2015.05.22"]
[EventType "swiss"]
[EventRounds "7"]
[EventCountry "NED"]
[Source "P.Boonen"]
[SourceDate "2015.10.01"]

1. d4 f5 2. Nf3 Nf6 3. Bf4 e6 4. Nbd2 Be7 5. e3 Nc6 6. c4 d6 7. a3 a5 8. Rc1
O-O 9. Qc2 Re8 10. Bd3 Bf8 11. Bg5 Qe7 12. O-O Qf7 13. e4 Qg6 14. Be3 Bd7 15.
exf5 exf5 16. Nh4 Qg4 17. Nxf5 Bxf5 18. Bxf5 Nxd4 19. Bxd4 Qxd4 20. Nf3 Qf4 21.
h3 Re7 22. Bd3 Rae8 23. Rfe1 b6 24. Rxe7 Rxe7 25. Re1 Rxe1+ 26. Nxe1 Be7 27. g3
Qe5 28. Nf3 Qh5 29. Kg2 g6 30. Be2 Kg7 31. b4 axb4 32. axb4 c5 33. g4 Qh6 34.
g5 Qh5 35. gxf6+ Bxf6 36. bxc5 bxc5 37. Qe4 h6 38. Qb7+ Kh8 39. Qb8+ Kh7 40.
Qxd6 Bg7 41. h4 Qg4+ 42. Qg3 Qe4 43. Bd3 Qe6 44. h5 Kg8 45. Qxg6 Qe7 46. Qe4
Qf6 47. Qa8+ Bf8 48. Qd5+ Kh8 49. Qe5 Kg7 50. Qxf6+ Kxf6 51. Kg3 Bd6+ 52. Kg4
Ke6 53. Bf5+ Kf6 54. Ne1 Ke5 55. Nc2 Bf8 56. f4+ Kf6 57. Ne3 Kg7 58. Be4 Kf6
59. Nd5+ Ke6 60. Bh7 Bd6 61. Bg8+ Kd7 62. Kf5 Bf8 63. Kg6 Ke8 64. f5 Kd7 65.
Nf6+ Ke7 66. Ng4 Ke8 67. Nxh6 Bxh6 68. Kxh6 Ke7 69. Kg7 1-0

[Event "BPB Limburg open B"]
[Site "Maastricht"]
[Date "2015.05.25"]
[Round "7"]
[White "Tutenel, Erik"]
[Black "De Coninck, Erik"]
[Result "1/2-1/2"]
[WhiteElo "1853"]
[BlackElo "1827"]
[PlyCount "25"]
[EventDate "2015.05.22"]
[EventType "swiss"]
[EventRounds "7"]
[EventCountry "NED"]
[Source "P.Boonen"]
[SourceDate "2015.10.01"]

1. e4 e6 2. d4 d5 3. exd5 exd5 4. c4 Bb4+ 5. Nc3 Ne7 6. Nf3 O-O 7. Be2 dxc4 8.
Bxc4 Nd5 9. Qd3 Nxc3 10. bxc3 Be7 11. O-O Nd7 12. Re1 Nf6 13. Rb1 1/2-1/2

[Event "BPB Limburg open B"]
[Site "Maastricht"]
[Date "2015.05.25"]
[Round "7"]
[White "Uckerman, John"]
[Black "Corneth, Erik"]
[Result "0-1"]
[WhiteElo "1705"]
[BlackElo "1984"]
[PlyCount "115"]
[EventDate "2015.05.22"]
[EventType "swiss"]
[EventRounds "7"]
[EventCountry "NED"]
[Source "P.Boonen"]
[SourceDate "2015.10.01"]

1. e4 Nf6 2. Nc3 d5 3. exd5 Nxd5 4. Nce2 c5 5. g3 e5 6. Bh3 f5 7. d3 Nf6 8. Nc3
Nc6 9. Bg2 Be6 10. Nh3 h6 11. Bxc6+ bxc6 12. Qe2 Bd6 13. f4 Ng4 14. fxe5 Bxe5
15. Nf4 Bf7 16. h3 O-O 17. hxg4 Re8 18. Be3 Bd4 19. Ng2 Bd5 20. Nxd5 Qxd5 21.
Kd2 c4 22. c3 cxd3 23. Qf2 Bxe3+ 24. Nxe3 Rxe3 25. Rhe1 Re2+ 26. Rxe2 dxe2+ 27.
Qd4 Qb5 28. c4 Qa5+ 29. Kxe2 Re8+ 30. Kf1 fxg4 31. Qxg4 Rf8+ 32. Kg1 Qb6+ 33.
c5 Qxc5+ 34. Kh2 Rf5 35. Re1 Rf2+ 36. Kh3 Qc2 37. Qe6+ Kh7 38. Re3 Rh2+ 39. Kg4
Qd1+ 40. Kf4 Rf2+ 41. Ke5 Rf6 42. Qc4 Qd6+ 43. Ke4 Re6+ 44. Kf3 Qd1+ 45. Qe2
Rxe3+ 46. Kxe3 Qxe2+ 47. Kxe2 Kg6 48. b4 Kf5 49. Kd3 Kg4 50. Kc4 Kxg3 51. a4 h5
52. Kc5 h4 53. Kxc6 h3 54. Kb7 h2 55. Kxa7 h1=Q 56. a5 Qb1 57. a6 Qxb4 58. Ka8
0-1